[Event "Stay Safe Play From Home 287"]
[Site "Emanuel Lasker Arena"]
[Date "2020.07.08"]
[Round "1"]
[White "AChessPlayer"]
[Black "Trotsky"]
[Result "1-0"]
[WhiteElo "2408"]
[BlackElo "1617"]
[Annotator "RC"]
[PlyCount "57"]
[EventDate "2020.07.08"]
[EventType "swiss (blitz)"]

1. Nf3 {[%emt 0:00:04]} d5 {[%emt 0:00:01]} 2. g3 {[%emt 0:00:00]} e6 {[%emt 0:00:00]} 3. Bg2 {[%emt 0:00:00]} c5 {[%emt 0:00:01]} 4. O-O {[%emt 0:00:00]} Nc6 {[%emt 0:00:01]} 5. d4 {[%emt 0:00:01]} Bd6 {[%emt 0:00:03]} 6. c4 {[%emt 0:00:01]} Qc7 {[%emt 0:00:01]} 7. Na3 {[%emt 0:00:02]} a6 {[%emt 0:00:02]} 8. cxd5 {[%emt 0:00:01]} exd5 {[%emt 0:00:02]} 9. dxc5 {[%emt 0:00:01]} Bxc5 {[%emt 0:00:01]} 10. Qxd5 {[%emt 0:00:01]} Bd6 {[%emt 0:00:03]} 11. Nc4 {[%emt 0:00:01]} Nge7 {[%emt 0:00:15]} 12. Qxd6 {[%emt 0:00:01]} Qxd6 {[%emt 0:00:01]} 13. Nxd6+ {[%emt 0:00:00]} Kf8 {[%emt 0:00:04]} 14. Bf4 {[%emt 0:00:02]} Kg8 {[%emt 0:00:05]} 15. Rfd1 {[%emt 0:00:01]} h6 {[%emt 0:00:01]} 16. Rac1 {[%emt 0:00:02]} Kh7 {[%emt 0:00:01]} 17. h4 {[%emt 0:00:00]} Rd8 {[%emt 0:00:02]} 18. Nxf7 {[%emt 0:00:01]} Rxd1+ {[%emt 0:00:03]} 19. Rxd1 {[%emt 0:00:00]} Bg4 {[%emt 0:00:01]} 20. N3e5 {[%emt 0:00:01]} Nxe5 {[%emt 0:00:01]} 21. Nxe5 {[%emt 0:00:00]} Rf8 {[%emt 0:00:02]} 22. Nxg4 {[%emt 0:00:02]} Nf5 {[%emt 0:00:02]} 23. Be4 {[%emt 0:00:01]} g6 {[%emt 0:00:02]} 24. Bxf5 {[%emt 0:00:02]} Rxf5 {[%emt 0:00:01]} 25. Rd7+ {[%emt 0:00:01]} Kg8 {[%emt 0:00:01]} 26. Nxh6+ {[%emt 0:00:00]} Kf8 {[%emt 0:00:01]} 27. Nxf5 {[%emt 0:00:00]} gxf5 {[%emt 0:00:01]} 28. h5 {[%emt 0:00:00]} b5 {[%emt 0:00:02]} 29. Rb7 {[%emt 0:00:00] Âðåìÿ ' (Lag: Av=0.42s, max=1.3s)} 1-0

[Event "Stay Safe Play From Home 287"]
[Site "Emanuel Lasker Arena"]
[Date "2020.07.08"]
[Round "1"]
[White "Mepe_Nika"]
[Black "Greblah"]
[Result "0-1"]
[WhiteElo "2375"]
[BlackElo "1853"]
[Annotator "TA"]
[PlyCount "108"]
[EventDate "2020.07.08"]
[EventType "swiss (blitz)"]

{[%evp 9,107,63,67,53,58,60,76,72,74,82,84,35,63,52,160,157,205,102,102,94,102,92,96,77,87,75,109,84,97,97,90,77,101,68,124,117,106,109,200,200,360,166,256,159,127,0,0,-456,-461,-434,-415,-400,-398,-513,-508,-479,-510,-494,-493,-553,-543,-573,-572,-566,-558,-583,-565,-580,-558,-1849,36,-29990,-29991,-29995,-29991,-29991,-29991,-29991,-29991,-29992,-29993,-29993,-29994,-29995,-29995,-29995,-29995,-29995,-29995,-29995,-29995,-29995,-29995,-29995,-29996,-29996,-29997,-29998,-29999,-29999]} 1. d4 c6 2. Bf4 d5 3. e3 Nf6 4. c4 Bg4 5. Qb3 Qb6 6. c5 {D10: Slav Defence: 3 cxd5 (without early Nf3) and 3 Nc3.} Qxb3 7. axb3 Nbd7 8. b4 {White is better.} a6 {[#]} 9. Nc3 $146 ({Predecessor:} 9. b5 cxb5 10. Bxb5 Rc8 11. Ba4 Nh5 12. h3 Nxf4 13. exf4 Be6 14. Nc3 g6 15. Nf3 {1-0 (25) Reich,T (2386)-Rasch,G Bayern 2013}) 9... Ne4 10. b5 Nxc3 11. bxc3 cxb5 {[#]} (11... a5 $14) 12. Bxb5 $1 $16 {[%mdl 512]} f6 {[#]} (12... axb5 13. Rxa8+) 13. Be2 (13. c6 $1 $18 {[%cal Rc6b7] has better winning chances.} bxc6 14. Bxc6 {[%mdl 64] Double Attack}) 13... Bxe2 14. Nxe2 e5 15. Bg3 Be7 16. O-O Kf7 17. Rfb1 Rhb8 18. f3 g5 19. e4 dxe4 20. fxe4 h5 21. h3 g4 ({Better is} 21... Bf8 $14) 22. hxg4 hxg4 23. Bf2 exd4 (23... a5 $16 24. Ng3 a4) 24. cxd4 $18 Nf8 $2 (24... b5 25. Nf4 Nf8) 25. d5 (25. Bg3 $142) 25... Ng6 (25... Nd7 {was called for.}) 26. Rc1 Ne5 27. c6 (27. d6 $16 Bd8 28. Rcb1) 27... bxc6 $11 28. Rxc6 $2 {[%mdl 8192]} (28. dxc6 $11 {and White stays safe.} Nd3 29. Rc3) 28... Nxc6 $19 29. dxc6 Rc8 30. Nd4 Bc5 31. Rc1 Bxd4 32. Bxd4 {[%mdl 4096] Endgame KRR-KRB} a5 33. c7 a4 34. Rc6 a3 35. Rxf6+ Ke7 36. Rg6 a2 37. Ba1 Rxc7 {...Rc1+ is the strong threat.} 38. Rg7+ Kd6 {White must now prevent ...Rc1+.} 39. e5+ Kd5 $2 (39... Kc6 $19 40. Rxc7+ Kxc7) 40. Kh2 $2 {[%mdl 8192] Now White is beyond hope.} (40. Rxc7 $14 Rb8 41. Rd7+ Ke6 42. Rd6+ Ke7 43. Kf2) 40... Rxg7 {Black mates.} 41. e6 Rh7+ 42. Kg3 Rb8 43. Kxg4 Rb1 44. e7 Rxe7 45. Bf6 {[#]} a1=Q $1 46. Bxe7 (46. Bxa1 Rxa1) 46... Qa4+ 47. Kf5 Rb5 48. Bf6 Kc6+ 49. Be5 Kd7 50. g4 Qc4 51. g5 {[#]} Qd5 $1 52. Kg6 Qxe5 53. Kf7 Qxg5 {[%cal Rb5f5]} 54. Kf8 Rf5# {Accuracy: White = 39%, Black = 53%.} 0-1

[Event "Stay Safe Play From Home 287"]
[Site "Emanuel Lasker Arena"]
[Date "2020.07.08"]
[Round "1"]
[White "Haxhi Baha"]
[Black "Lazieri3"]
[Result "0-1"]
[WhiteElo "2045"]
[BlackElo "2104"]
[PlyCount "94"]
[EventDate "2020.07.08"]
[EventType "swiss (blitz)"]

1. e4 {[%emt 0:00:01]} c6 {[%emt 0:00:00]} 2. Nf3 {[%emt 0:00:01]} d5 {[%emt 0:00:00]} 3. Nc3 {[%emt 0:00:00]} dxe4 {[%emt 0:00:01]} 4. Nxe4 {[%emt 0:00:00]} Nf6 {[%emt 0:00:00]} 5. Nc3 {[%emt 0:00:00]} Bf5 {[%emt 0:00:01]} 6. h3 {[%emt 0:00:01]} e6 {[%emt 0:00:01]} 7. Bc4 {[%emt 0:00:00]} h6 {[%emt 0:00:01]} 8. d3 {[%emt 0:00:00]} Nbd7 {[%emt 0:00:01]} 9. g4 {[%emt 0:00:01]} Bh7 {[%emt 0:00:01]} 10. Qe2 {[%emt 0:00:00]} Nb6 {[%emt 0:00:01]} 11. Bb3 {[%emt 0:00:01]} Bd6 {[%emt 0:00:01]} 12. Bd2 {[%emt 0:00:01]} Qc7 {[%emt 0:00:02]} 13. O-O-O {[%emt 0:00:01]} Bf4 {[%emt 0:00:00]} 14. Kb1 {[%emt 0:00:01]} Bxd2 {[%emt 0:00:01]} 15. Rxd2 {[%emt 0:00:00]} O-O-O {[%emt 0:00:00]} 16. Ne5 {[%emt 0:00:01]} Nbd5 {[%emt 0:00:01]} 17. Nxd5 {[%emt 0:00:02]} exd5 {[%emt 0:00:01]} 18. f4 {[%emt 0:00:02]} Rhe8 {[%emt 0:00:01]} 19. Qf3 {[%emt 0:00:01]} Re7 {[%emt 0:00:01]} 20. a4 {[%emt 0:00:04]} Rde8 {[%emt 0:00:01]} 21. d4 {[%emt 0:00:00]} Ne4 {[%emt 0:00:02]} 22. Re2 {[%emt 0:00:02]} f6 {[%emt 0:00:01]} 23. Nd3 {[%emt 0:00:04]} Nc3+ {[%emt 0:00:01]} 24. bxc3 {[%emt 0:00:03]} Rxe2 {[%emt 0:00:00]} 25. f5 {[%emt 0:00:04]} Bg8 {[%emt 0:00:02]} 26. Kb2 {[%emt 0:00:02]} R2e7 {[%emt 0:00:01]} 27. Nc5 {[%emt 0:00:02]} b6 {[%emt 0:00:02]} 28. Na6 {[%emt 0:00:03]} Qd6 {[%emt 0:00:03]} 29. Nb4 {[%emt 0:00:00]} a5 {[%emt 0:00:01]} 30. Nd3 {[%emt 0:00:01]} c5 {[%emt 0:00:03]} 31. dxc5 {[%emt 0:00:01]} bxc5 {[%emt 0:00:00]} 32. c4 {[%emt 0:00:00]} dxc4 {[%emt 0:00:01]} 33. Qa8+ {[%emt 0:00:03]} Qb8 {[%emt 0:00:01]} 34. Qc6+ {[%emt 0:00:02]} Qc7 {[%emt 0:00:02]} 35. Qa6+ {[%emt 0:00:01]} Qb7 {[%emt 0:00:01]} 36. Qxb7+ {[%emt 0:00:02]} Rxb7 {[%emt 0:00:03]} 37. Nxc5 {[%emt 0:00:00]} Rb8 {[%emt 0:00:02]} 38. Kc3 {[%emt 0:00:03]} cxb3 {[%emt 0:00:01]} 39. cxb3 {[%emt 0:00:00]} Kc7 {[%emt 0:00:02]} 40. Na6+ {[%emt 0:00:01]} Kb6 {[%emt 0:00:00]} 41. Nxb8 {[%emt 0:00:00]} Rxb8 {[%emt 0:00:00]} 42. Re1 {[%emt 0:00:01]} Rc8+ {[%emt 0:00:00]} 43. Kb2 {[%emt 0:00:02]} Rc7 {[%emt 0:00:00]} 44. Re8 {[%emt 0:00:00]} Bf7 {[%emt 0:00:00]} 45. Ra8 {[%emt 0:00:00]} Bd5 {[%emt 0:00:01]} 46. Rb8+ {[%emt 0:00:01]} Rb7 {[%emt 0:00:01]} 47. Rd8 {[%emt 0:00:00]} Kc5 {[%emt 0:00:00] Time (Lag: Av=0.97s, max=1.4s) .} 0-1

[Event "Stay Safe Play From Home 287"]
[Site "Emanuel Lasker Arena"]
[Date "2020.07.08"]
[Round "1"]
[White "NeatFox"]
[Black "Jhhonnyy"]
[Result "0-1"]
[WhiteElo "1948"]
[BlackElo "2315"]
[Annotator "TA"]
[PlyCount "68"]
[EventDate "2020.07.08"]
[EventType "swiss (blitz)"]

{[%evp 9,67,-52,-43,-36,49,17,129,64,50,-27,-33,-366,-119,-313,-126,-214,-27,-36,-35,-30,-47,-48,-40,-86,-31,-531,-537,-920,-725,-1601,-1570,-29986,-29987,-29991,-29990,-29990,-29991,-29992,-29990,-29993,-29992,-29993,-29994,-29994,-29993,-29995,-29996,-29996,-29997,-29998,-29997,-29997,-29997,-29997,-29997,-29997,-29996,-29996,-29997,-29999]} 1. g4 d5 2. Bg2 Bxg4 3. c4 dxc4 4. Bxb7 Nd7 5. Bxa8 Qxa8 6. f3 $1 {[#] A00: Irregular Openings.} Ne5 $146 (6... e5 $15) ({Predecessor:} 6... e5 7. Nc3 Be7 8. Qa4 Bh4+ 9. Kd1 Be6 10. b3 Ne7 11. e4 O-O 12. Ba3 Nb6 {0-1 (31) Landin,B (2135)-Holving,R (2085) Norrkoeping 1998}) 7. Nc3 Be6 (7... Nf6 $11 {keeps the balance.}) 8. Nb5 (8. d4 $16 cxd3 9. Bf4 (9. exd3 Bf5 $11) 9... dxe2 10. Qxe2 (10. Kxe2 Ng6 $11)) 8... Qb7 {[#]} 9. Nd4 ({White should try} 9. Qa4 $1 $14 Bd7 10. Qxa7 Qxa7 11. Nxa7) 9... Bd7 $11 10. Nh3 $2 {[%mdl 8192]} (10. Nc2 $15) 10... Nf6 $2 (10... Bxh3 $19 {and Black stays clearly on top.} 11. Qa4+ Bd7) 11. Nf4 $2 (11. Nf2 $17 {is a better defense.}) 11... g6 (11... g5 $19 {has better winning chances. Hoping for ...Qb6.} 12. Ng2 g4) 12. d3 {[#]} (12. b3 $17 {keeps fighting.}) 12... Bg7 $2 (12... c5 $1 $19 13. dxc4 cxd4 14. Qxd4 Nc6) 13. dxc4 $1 Nxc4 {White must now prevent ...e5.} 14. Nd3 O-O 15. Nb3 Bf5 $36 {[%mdl 2048] White is under pressure.} 16. Bg5 Rd8 (16... h6 $17 17. Bc1 Rd8) 17. Bxf6 $2 {[%mdl 8192] Black keeps a firm grip on the game.} ({White must play} 17. Nbc5 $15 Qb6 18. Qc1) 17... Bxf6 $19 18. h4 Nxb2 19. Qc2 Nxd3+ {[%mdl 64] Discovered Attack, Overworked Piece} 20. exd3 Qxf3 {[%mdl 64] Double Attack. Black mates.} 21. Qe2 Qxh1+ 22. Kd2 Qxh4 23. Re1 Bxd3 24. Qe3 {[#]} Bg5 $1 25. Qxg5 Qxg5+ 26. Kc3 Bf5 27. Re3 Qxe3+ 28. Kb4 Rb8+ 29. Ka3 Be6 30. Kb2 Rxb3+ 31. axb3 Qxb3+ 32. Kc1 Qa2 33. Kd1 Bc4 34. Ke1 Qe2# {Accuracy: White = 20%, Black = 39%.} 0-1

[Event "Stay Safe Play From Home 287"]
[Site "Emanuel Lasker Arena"]
[Date "2020.07.08"]
[Round "1"]
[White "Justwatch"]
[Black "Lamborghini"]
[Result "0-1"]
[WhiteElo "1693"]
[BlackElo "2204"]
[PlyCount "56"]
[EventDate "2020.07.08"]
[EventType "swiss (blitz)"]

1. e4 {[%emt 0:00:07]} c5 {[%emt 0:00:00]} 2. e5 {[%emt 0:00:01]} d6 {[%emt 0:00:00]} 3. exd6 {[%emt 0:00:01]} e5 {[%emt 0:00:01]} 4. Nf3 {[%emt 0:00:00]} Bxd6 {[%emt 0:00:01]} 5. Bb5+ {[%emt 0:00:03]} Bd7 {[%emt 0:00:01]} 6. Bxd7+ {[%emt 0:00:00]} Nxd7 {[%emt 0:00:01]} 7. O-O {[%emt 0:00:00]} Ngf6 {[%emt 0:00:01]} 8. d3 {[%emt 0:00:01]} O-O {[%emt 0:00:01]} 9. Nc3 {[%emt 0:00:00]} h6 {[%emt 0:00:00]} 10. Be3 {[%emt 0:00:01]} Re8 {[%emt 0:00:01]} 11. Ne4 {[%emt 0:00:01]} Bf8 {[%emt 0:00:03]} 12. Nxf6+ {[%emt 0:00:01]} Nxf6 {[%emt 0:00:01]} 13. Nd2 {[%emt 0:00:00]} b6 {[%emt 0:00:01]} 14. Ne4 {[%emt 0:00:01]} Nd5 {[%emt 0:00:01]} 15. Bd2 {[%emt 0:00:01]} f5 {[%emt 0:00:01]} 16. Ng3 {[%emt 0:00:01]} Qd7 {[%emt 0:00:01]} 17. Qh5 {[%emt 0:00:01]} f4 {[%emt 0:00:05]} 18. Ne4 {[%emt 0:00:01]} Rad8 {[%emt 0:00:02]} 19. Bc3 {[%emt 0:00:07]} Qf7 {[%emt 0:00:01]} 20. Qxf7+ {[%emt 0:00:02]} Kxf7 {[%emt 0:00:00]} 21. f3 {[%emt 0:00:02]} g5 {[%emt 0:00:01]} 22. Nf2 {[%emt 0:00:01]} Kg6 {[%emt 0:00:02]} 23. Rfe1 {[%emt 0:00:00]} Kf5 {[%emt 0:00:01]} 24. Ng4 {[%emt 0:00:01]} Bg7 {[%emt 0:00:01]} 25. h3 {[%emt 0:00:02]} h5 {[%emt 0:00:01]} 26. Nf2 {[%emt 0:00:01]} Ne3 {[%emt 0:00:01]} 27. Ne4 {[%emt 0:00:00]} Nxc2 {[%emt 0:00:01]} 28. Re2 {[%emt 0:00:01]} Nxa1 {[%emt 0:00:01] Justwatch terk eder (Lag: Av=0.37s, max=0.5s)} 0-1

[Event "Stay Safe Play From Home 287"]
[Site "Emanuel Lasker Arena"]
[Date "2020.07.08"]
[Round "2"]
[White "Lamborghini"]
[Black "Mepe_Nika"]
[Result "0-1"]
[WhiteElo "2206"]
[BlackElo "2342"]
[Annotator "TA"]
[PlyCount "42"]
[EventDate "2020.07.08"]
[EventType "swiss (blitz)"]

{[%evp 9,42,-14,26,34,79,-38,95,97,97,109,130,-39,12,-102,-111,-97,-110,-265,-252,-235,-219,-285,-256,-616,-518,-482,-199,-491,-445,-810,-808,-795,-797,-770,-789]} 1. e4 g6 2. d4 Bg7 3. Nc3 d6 4. Be3 c6 {[#]} 5. Qf3 $146 ({Predecessor:} 5. Qd2 Nd7 6. O-O-O b5 7. Kb1 Nb6 8. Qe1 b4 9. Nce2 a5 10. Nc1 d5 11. f3 Nc4 12. Bf2 Rb8 13. h4 Nf6 14. e5 Nd7 15. h5 {1-0 (45) Sevian,S (2660)-Bachmann,A (2599) chess.com INT 2020}) 5... Nd7 6. O-O-O {B06: Modern Defence.} Ngf6 7. h3 ({Better is} 7. e5 $16) 7... b5 (7... Qc7 $15) 8. e5 $1 $16 {White is better.} Nd5 9. Nxd5 cxd5 10. e6 $2 {[#]} (10. Qxd5 $16 Rb8 11. exd6 (11. Bxb5 Qb6 $11)) 10... fxe6 $15 11. Bxb5 (11. h4 $1 $11) 11... Rb8 $36 {[%mdl 2048] Black has strong initiative.} 12. Ba4 Qb6 13. Bb3 $2 {Loses the game.} (13. b3 $17 {was worth a try.}) 13... a5 $19 14. a4 {[#]} Ba6 $1 {White must now prevent ...Rf8.} 15. Bg5 Bc4 ({Less strong is} 15... Bxd4 16. Qg4 $17) 16. Rd3 $2 (16. Ne2) 16... Bxd3 17. Qxd3 O-O (17... Bxd4 $142 18. Nf3 Bxf2) 18. Bxe7 $2 (18. Be3) 18... Rfc8 {Black is clearly winning.} 19. Bh4 (19. Kb1 $142 Re8 20. Bg5 Bxd4 21. Ne2 Bxf2 22. Qf3) 19... Qxb3 20. Qxb3 Rxb3 21. Ne2 Rb4 {Accuracy: White = 17%, Black = 65%.} 0-1

[Event "Stay Safe Play From Home 287"]
[Site "Emanuel Lasker Arena"]
[Date "2020.07.08"]
[Round "2"]
[White "Lazieri3"]
[Black "AChessPlayer"]
[Result "0-1"]
[WhiteElo "2118"]
[BlackElo "2408"]
[Annotator "TA"]
[PlyCount "88"]
[EventDate "2020.07.08"]
[EventType "swiss (blitz)"]

{[%evp 24,87,6,8,10,8,33,14,14,4,13,0,0,-68,-77,-84,-85,-290,-284,-421,-402,-481,-395,-909,-710,-652,0,-471,40,-283,-270,-277,53,-323,-317,-293,-297,-284,-231,-291,-310,-29985,-6203,-2384,-1652,-29976,-29976,-29993,-29994,-29997,-29998,-29999,-29997,-29997,-29996,-29997,-29998,-29998,-29998,-29998,-29999,-29999,-29998,-29998,-29999,-29999]} 1. e4 e5 2. Nc3 Nc6 3. Nf3 Nf6 4. d4 exd4 5. Nxd4 Bb4 6. Nxc6 bxc6 7. Bd3 d5 8. exd5 cxd5 9. O-O O-O 10. Bg5 c6 11. Qf3 Be7 12. h3 h6 13. Bh4 Be6 {C47: Scotch Four Knights and Four Knights with 4 g3.} 14. Ne2 Rb8 15. b3 Rb4 {The position is equal.} 16. Nf4 {[#]} Bd6 $146 ({Predecessor:} 16... Ne4 17. Bxe7 Qxe7 18. Rfe1 Ng5 19. Qg3 Qd6 20. c4 dxc4 21. Nxe6 Qxg3 22. fxg3 Nxe6 23. Bxc4 {1-0 (51) Nozdrachev,V (2358)-Babikov,I (2333) Moscow 2009}) 17. Nxe6 fxe6 18. Bxf6 ({Better is} 18. c4 $11) 18... Rxf6 $15 19. Qe2 e5 $36 {[%mdl 2048] White is under strong pressure.} 20. c3 $2 (20. f3 $17) 20... Rh4 $1 $19 21. Rae1 (21. f3 $142 Qe7 22. b4) 21... e4 22. Bc2 Bb8 23. c4 $2 (23. Bxe4 Rxe4 24. Qd3 Rxe1 25. Rxe1) 23... Qd6 {[%csl Gb8][%cal Rd6h2]} 24. g3 {[#]} Rxh3 $2 (24... Qd7 $1 $19 {[%mdl 512]} 25. f4 Rxh3) 25. cxd5 $2 {[%mdl 8192] [#]} (25. Qg4 $11 {and White stays safe.} Rxg3+ 26. fxg3) 25... cxd5 $2 (25... Rg6 $1 $19 {[%mdl 512]} 26. Bxe4 Rhxg3+ $1 {[%mdl 576] Demolition} 27. fxg3 Qxg3+ 28. Qg2 Qh2+ {[%mdl 64] Pin} 29. Kf2 Rxg2+ 30. Bxg2 Bg3+ 31. Kf3 Bxe1 32. Rxe1 cxd5) 26. Bxe4 $2 {[%mdl 8192]} (26. Qg4 $14 {is the one way to stay ahead.} Qe6 27. Bd1 Bxg3 28. Qxe6+ Rxe6 29. Bg4 Bxf2+ 30. Kxf2 Rf6+ 31. Kg2) 26... dxe4 27. Qxe4 {[#]} h5 $2 ({Black should play} 27... Qc5 $1 $19 28. Kg2 Qh5 29. Qe8+ Kh7 30. Qxh5 Rxh5) 28. Qe8+ $2 {[%mdl 8192]} (28. Rd1 $1 $14 {stays ahead.} Rxg3+ 29. fxg3 Rxf1+ 30. Rxf1 Qxg3+ 31. Qg2) 28... Kh7 29. Qe4+ {[#]} Rg6 $1 {( -> ...Rhxg3+!)} 30. Re3 {Now Kg2 and White clings on.} Qf6 {And now ...Qg5 would win.} 31. Kg2 Rh4 $1 {[%cal Rh4e4]} 32. Rh1 $2 (32. Qd5 $19) 32... Rxe4 33. Rxe4 Kg8 {Hoping for ...Bxg3!} 34. Rxh5 {[#]} Qc6 $1 {Black mates.} 35. Rhe5 Bxe5 36. Kh3 Qxe4 {[%cal Rg6h6]} 37. f4 Qf5+ 38. Kg2 {[#]} Qg4 $1 39. fxe5 Qxg3+ 40. Kf1 Rh6 41. Ke2 Rh2+ 42. Kd1 Rg2 43. e6 Qh2 {[%cal Rh2h1]} 44. e7 Qh1# {Accuracy: White = 22%, Black = 63%.} 0-1

[Event "Stay Safe Play From Home 287"]
[Site "Emanuel Lasker Arena"]
[Date "2020.07.08"]
[Round "2"]
[White "Haxhi Baha"]
[Black "NeatFox"]
[Result "0-1"]
[WhiteElo "2031"]
[BlackElo "1944"]
[PlyCount "100"]
[EventDate "2020.07.08"]
[EventType "swiss (blitz)"]

1. e4 {[%emt 0:00:01]} e5 {[%emt 0:00:01]} 2. f4 {[%emt 0:00:01]} Nc6 {[%emt 0:00:00]} 3. Nf3 {[%emt 0:00:01]} exf4 {[%emt 0:00:00]} 4. Bc4 {[%emt 0:00:01]} g6 {[%emt 0:00:01]} 5. d4 {[%emt 0:00:01]} Bg7 {[%emt 0:00:01]} 6. c3 {[%emt 0:00:00]} d6 {[%emt 0:00:01]} 7. Bxf4 {[%emt 0:00:01]} Bg4 {[%emt 0:00:02]} 8. Nbd2 {[%emt 0:00:01]} Qd7 {[%emt 0:00:02]} 9. b4 {[%emt 0:00:01]} Nge7 {[%emt 0:00:02]} 10. Qb3 {[%emt 0:00:01]} O-O {[%emt 0:00:02]} 11. O-O-O {[%emt 0:00:02]} a5 {[%emt 0:00:01]} 12. b5 {[%emt 0:00:01]} a4 {[%emt 0:00:00]} 13. bxc6 {[%emt 0:00:03]} axb3 {[%emt 0:00:03]} 14. cxd7 {[%emt 0:00:01]} bxa2 {[%emt 0:00:00]} 15. Kb2 {[%emt 0:00:01]} Bxd7 {[%emt 0:00:04]} 16. Bxa2 {[%emt 0:00:03]} Nc6 {[%emt 0:00:02]} 17. Bb3 {[%emt 0:00:04]} Na5 {[%emt 0:00:01]} 18. Ra1 {[%emt 0:00:01]} Nxb3 {[%emt 0:00:01]} 19. Nxb3 {[%emt 0:00:00]} Rab8 {[%emt 0:00:01]} 20. c4 {[%emt 0:00:03]} c5 {[%emt 0:00:01]} 21. Kc2 {[%emt 0:00:02]} Bg4 {[%emt 0:00:04]} 22. Bxd6 {[%emt 0:00:01]} Bxf3 {[%emt 0:00:01]} 23. gxf3 {[%emt 0:00:01]} cxd4 {[%emt 0:00:02]} 24. Bxf8 {[%emt 0:00:02]} Rxf8 {[%emt 0:00:01]} 25. Kd3 {[%emt 0:00:01]} Rd8 {[%emt 0:00:01]} 26. Ra5 {[%emt 0:00:01]} b6 {[%emt 0:00:01]} 27. Rd5 {[%emt 0:00:01]} Ra8 {[%emt 0:00:00]} 28. Rb1 {[%emt 0:00:02]} Ra3 {[%emt 0:00:00]} 29. Rd8+ {[%emt 0:00:01]} Bf8 {[%emt 0:00:01]} 30. Kxd4 {[%emt 0:00:00]} Kg7 {[%emt 0:00:01]} 31. e5 {[%emt 0:00:00]} Ra2 {[%emt 0:00:04]} 32. Ke4 {[%emt 0:00:05]} Rxh2 {[%emt 0:00:02]} 33. Nd4 {[%emt 0:00:01]} Bc5 {[%emt 0:00:02]} 34. Rd7 {[%emt 0:00:02]} Rh4+ {[%emt 0:00:01]} 35. f4 {[%emt 0:00:01]} g5 {[%emt 0:00:01]} 36. Ne6+ {[%emt 0:00:01]} Kg6 {[%emt 0:00:02]} 37. Nxg5 {[%emt 0:00:01]} h6 {[%emt 0:00:02]} 38. Nxf7 {[%emt 0:00:01]} Rh2 {[%emt 0:00:02]} 39. Rf1 {[%emt 0:00:02]} Re2+ {[%emt 0:00:01]} 40. Kd5 {[%emt 0:00:00]} Rd2+ {[%emt 0:00:00]} 41. Ke6 {[%emt 0:00:00]} Rxd7 {[%emt 0:00:00]} 42. f5+ {[%emt 0:00:01]} Kh5 {[%emt 0:00:01]} 43. Rg1 {[%emt 0:00:01]} Rd3 {[%emt 0:00:01]} 44. Rh1+ {[%emt 0:00:02]} Kg4 {[%emt 0:00:01]} 45. Rxh6 {[%emt 0:00:00]} Kf3 {[%emt 0:00:00]} 46. Rg6 {[%emt 0:00:00]} Re3 {[%emt 0:00:00]} 47. f6 {[%emt 0:00:00]} Bd4 {[%emt 0:00:01]} 48. Rh6 {[%emt 0:00:00]} Rxe5+ {[%emt 0:00:00]} 49. Nxe5+ {[%emt 0:00:01]} Bxe5 {[%emt 0:00:00]} 50. Rh3+ {[%emt 0:00:00]} Kf4 {[%emt 0:00:01]} 0-1

[Event "Stay Safe Play From Home 287"]
[Site "Emanuel Lasker Arena"]
[Date "2020.07.08"]
[Round "2"]
[White "Greblah"]
[Black "Jhhonnyy"]
[Result "0-1"]
[WhiteElo "1885"]
[BlackElo "2319"]
[Annotator "TA"]
[PlyCount "66"]
[EventDate "2020.07.08"]
[EventType "swiss (blitz)"]

{[%evp 14,65,17,5,22,-9,-4,-25,0,-18,-12,-33,19,-3,18,-66,-61,-64,-4,-10,8,-208,-58,-103,169,167,181,180,169,4,356,-28,-7,-12,6,35,225,-93,150,93,100,14,94,-755,-754,-29986,-29987,-29996,-29997,-29997,-29998,-29998,-29999,-29999]} 1. e4 c5 2. Nc3 e6 3. g3 a6 4. Bg2 Nc6 5. d3 g6 6. Be3 d6 7. Qd2 Bg7 8. Nf3 Rb8 {[#] B26: Closed Sicilian: 3 g3, lines with early Be3.} 9. Rb1 $146 ({Predecessor:} 9. O-O Nge7 10. Bh6 O-O 11. Bxg7 Kxg7 12. d4 cxd4 13. Nxd4 Qc7 14. Rad1 Rd8 15. Kh1 Nxd4 16. Qxd4+ e5 17. Qa7 Be6 18. f4 f6 19. Rd2 Rbc8 20. Qf2 Rf8 {½-½ (20) Bisby,D (2283)-Nordahl,H (2303) Gausdal 2003}) 9... b5 10. Ne2 h6 {Black has an edge.} 11. c3 Nf6 12. h3 Nd7 ({Better is} 12... c4 $15) 13. Nh4 Nf6 14. d4 (14. f4 $11) 14... cxd4 15. cxd4 Na5 (15... Ne7 $15) 16. b3 $11 Bb7 17. f3 $2 (17. d5 $11 {and White is okay.}) 17... Nc6 (17... g5 $19 18. Rc1 gxh4) 18. d5 Ne5 $2 {[%mdl 8192]} (18... Ne7 $17 {And now ...g5 would win.} 19. dxe6 fxe6) 19. f4 $36 {[%mdl 2048] Keeping Black busy.} Ned7 20. dxe6 fxe6 21. Nxg6 $2 ({White should play} 21. Qxd6 $18 Nf8 22. Rd1) 21... Kf7 $2 {[%mdl 8192]} (21... Nxe4 $11 22. Qd1 Qa5+ 23. Kf1 (23. b4 Qxa2 24. Qd3 Nc3 $17) 23... Qxa2 24. Bxe4 Bxe4 25. Qxd6 Qxb1+ 26. Kf2 Bxg6 27. Rxb1 Bxb1) 22. Nh4 $2 ({Not} 22. Qxd6 Kxg6 23. Rd1 (23. Qxe6 $2 Re8 $17) 23... Kh7 $15) (22. Nxh8+ $18 Bxh8 23. Qxd6) 22... Nxe4 $11 23. Bxe4 (23. Qd3 $5 {[%cal Rg2e4]} Ndc5 24. Qc2 Qa5+ 25. b4 $15) 23... Bxe4 24. O-O {f5 is the strong threat.} Nc5 $2 {[#]} (24... Bxb1 $14 25. Rxb1 Bf6) 25. Bd4 $2 (25. Rbd1 $1 $18) 25... Rf8 $2 (25... Bxd4+ $17 {keeps the pressure on.} 26. Qxd4 Rg8) 26. Bxg7 (26. Rbe1 $142) 26... Kxg7 $16 27. Qd4+ (27. Rbd1 $16) 27... Kh7 (27... e5 $11 {keeps the balance.} 28. fxe5 Bxb1 29. exd6+ (29. Rxb1 Ne6 $11) 29... Kg8 30. Rxb1 Qg5) 28. g4 $2 {[%mdl 8192]} (28. Rbd1 $16 b4 29. Qxd6 Qxd6 30. Rxd6) 28... Qxh4 $19 29. Qxd6 Qxh3 {[%csl Ge4][%cal Rh3g2] Black mates.} 30. Qe7+ {[#]} Kh8 $1 {[%csl Ge4][%cal Rh3g2]} 31. Rf3 Qxf3 {[%csl Ge4][%cal Rf3g2]} 32. Qxf8+ Rxf8 {[%csl Ge4][%cal Rf3g2]} 33. Kh2 Qg2# {Never resign too early! Accuracy: White = 29%, Black = 31%.} 0-1